Aplicación de los modelos de desarrollo participativo (MDP) y administración del desempeño humano (ADH) en un proceso de agrupamiento artesanal en la ribera de Chapala /

Сохранить в:
Библиографические подробности
Главный автор: González Flores, Adela Ivonne (autor)
Другие авторы: Isla Arias, Vanessa de la (autor) (autor)
Формат: Диссертация
Язык:испанский
Предметы:
Метки: Добавить метку
Нет меток, Требуется 1-ая метка записи!

MARC

LEADER 00000nam^a2200000^a^4500
001 000142076
005 20250521000000.0
009 20260310095636.049
037 |a Acervo ITESO - Biblioteca 
041 |a ESP 
090 |a PSI. 539 
100 |a González Flores, Adela Ivonne  |e (autor) 
245 1 0 |a Aplicación de los modelos de desarrollo participativo (MDP) y administración del desempeño humano (ADH) en un proceso de agrupamiento artesanal en la ribera de Chapala /  |c A.I. González Flores, V. de la Isla Arias. 
264 |a Guadalajara, México :  |b edición de autor,  |c 2002 
300 |a 179 p. 
336 |a texto  |b txt  |2 rdacontenido 
337 |a sin mediación  |b n  |2 rdamedio 
338 |a volumen  |b nc  |2 rdasoporte 
502 |a ITESO Tesis de Licenciatura en Psicología 
649 |a XX 
650 |a Artesanía -  |z Chapala, Jalisco -  |x Comercio 
650 |a Microempresa -  |z Chapala, Jalisco 
650 |a Microempresa -  |z Jalisco 
650 |a Microempresa -  |z México 
650 |a Pequeña Empresa -  |z Chapala, Jalisco 
650 |a Pequeña Empresa -  |z Jalisco 
650 |a Pequeña Empresa -  |z México 
650 |a Empresas Integradoras -  |z Chapala, Jalisco 
650 |a Empresas Integradoras -  |z Jalisco 
650 |a Empresas Integradoras -  |z México 
650 |a Cambio Organizacional 
650 |a Desarrollo Organizacional 
650 |a Comportamiento Organizacional 
650 |a Proceso Administrativo -  |x Dirección 
650 |a Administración 
650 |a Psicología Laboral 
700 |a Isla Arias, Vanessa de la  |e (autor) 
910 |a Fondo General 
920 |a Impresos - Tesis del ITESO 
930 |a Colección General 
905 |a 104 
901 |a 0500070785  |b IT2  |c TSS  |u 20250521 
902 |a https://opac.biblio.iteso.mx/vufind/Record/000142076